The last closed shop prised open (Record no. 66804)

MARC details
000 -LEADER
fixed length control field 01015cam a2200241 4500
001 - CONTROL NUMBER
control field ABS63869
008 - FIXED-LENGTH DATA ELEMENTS--GENERAL INFORMATION
fixed length control field 000000n2001 000 0 eng u
035 ## - SYSTEM CONTROL NUMBER
System control number (Sirsi) u112168
100 ## - MAIN ENTRY--PERSONAL NAME
Personal name Osbourne, H.
245 #4 - TITLE STATEMENT
Title The last closed shop prised open
260 ## - PUBLICATION, DISTRIBUTION, ETC.
Date of publication, distribution, etc. 2001
490 ## - SERIES STATEMENT
Series statement Estates Gazette
Volume/sequential designation (0114) 7 April 2001, 132-134(3)
520 ## - SUMMARY, ETC.
Summary, etc. Describes a recent workshop prepared by Ernst & Young and "Estates Gazette" which focused on e-business and the reasons inhibiting its introduction into the property industry. Summarises the e-business priorities of the participants. With tables listing some of the barriers to e-business adoption and e-business's threat to corporate vested interests. Also lists attendees at the workshop
590 ## - LOCAL NOTE (RLIN)
Local note ABS
650 ## - SUBJECT ADDED ENTRY--TOPICAL TERM
Topical term or geographic name entry element EBUSINESS
650 ## - SUBJECT ADDED ENTRY--TOPICAL TERM
Topical term or geographic name entry element PROPERTY INDUSTRY
650 ## - SUBJECT ADDED ENTRY--TOPICAL TERM
Topical term or geographic name entry element INTERNET
650 ## - SUBJECT ADDED ENTRY--TOPICAL TERM
Topical term or geographic name entry element ERNST & YOUNG
650 ## - SUBJECT ADDED ENTRY--TOPICAL TERM
Topical term or geographic name entry element ESTATES GAZETTE
690 ## - LOCAL SUBJECT ADDED ENTRY--TOPICAL TERM (OCLC, RLIN)
Topical term or geographic name as entry element MANAGEMENT-BUSINESS MANAGEMENT-INFORMATION MANAGEMENT
700 ## - ADDED ENTRY--PERSONAL NAME
Personal name Tinworth, A.
942 ## - ADDED ENTRY ELEMENTS (KOHA)
Suppress in OPAC 0
Holdings
Withdrawn status Lost status Source of classification or shelving scheme Damaged status Not for loan Home library Current library Shelving location Date acquired Total Checkouts Full call number Barcode Date last seen Copy number Price effective from Koha item type
    Dewey Decimal Classification     London London Journal article 25/04/2001   ABS63869 112168-1001 06/08/2019 1 06/08/2019 Journal article